|
|
|
|
| LEADER |
02138nam a2200433 a 4500 |
| 001 |
14403484 |
| 003 |
BD-DhAAL |
| 005 |
20250417104504.0 |
| 008 |
090614s2006 enka bf 001 0 eng d |
| 010 |
|
|
|a 2006018375
|
| 020 |
|
|
|a 0198566557 (flexicover : alk. paper)
|
| 020 |
|
|
|a 9780198566557 (flexicover : alk. paper)
|
| 040 |
|
|
|a DNLM/DLC
|c DLC
|d NLM
|d BAKER
|d BWKUK
|d YDXCP
|d OCLCQ
|d YDX
|d UKM
|d DLC
|d BD-DhAAL
|
| 082 |
0 |
0 |
|a 362.1
|2 22
|
| 245 |
0 |
0 |
|a Oxford handbook of public health practice /
|c edited by David Pencheon ... [et al.].
|
| 246 |
3 |
0 |
|a Handbook of public health practice
|
| 250 |
|
|
|a Second edition.
|
| 260 |
|
|
|a Oxford ;
|a New York :
|b Oxford University Press,
|c 2006.
|
| 300 |
|
|
|a xxxiv, 691 pages :
|b illustrations ;
|c 19 cm.
|
| 490 |
|
0 |
|a Oxford handbooks
|
| 504 |
|
|
|a Includes bibliographical references (p. 641-676) and index.
|
| 526 |
|
|
|x Salim khan
Sr. program Associate
James P. Grant School.
Course name and no. N/A
|
| 541 |
1 |
|
|a Karim International
|e 00018574
|
| 650 |
|
0 |
|a Public health
|v Handbooks, manuals, etc.
|9 58015
|
| 650 |
|
0 |
|a Medicine, Preventive
|v Handbooks, manuals, etc.
|9 58016
|
| 650 |
|
0 |
|a Medical care
|v Handbooks, manuals, etc.
|9 58017
|
| 650 |
1 |
2 |
|a Public Health Practice
|v Handbooks.
|9 58018
|
| 650 |
2 |
2 |
|a Health Promotion
|v Handbooks.
|9 58019
|
| 650 |
2 |
2 |
|a Public Health
|x methods
|v Handbooks.
|9 58020
|
| 650 |
2 |
2 |
|a Public Health Administration
|v Handbooks.
|9 58021
|
| 700 |
1 |
|
|a Pencheon, David.
|9 58022
|
| 700 |
1 |
|
|a Guest, Charles.
|9 58023
|
| 700 |
1 |
|
|a Melzer, David.
|9 58024
|
| 700 |
1 |
|
|a Gray, J.A. Muir.
|9 58025
|
| 852 |
4 |
|
|a Ayesha Abed Library
|j General Shelf.
|
| 942 |
|
|
|2 ddc
|c BK
|
| 999 |
|
|
|c 1994
|d 1994
|
| 952 |
|
|
|0 0
|1 4
|2 ddc
|4 0
|6 362_100000000000000_OXF
|7 0
|9 1831
|a BRACUL
|b BRACUL
|c GEN
|d 2009-07-02
|g 30.00
|l 0
|o 362.1 OXF
|p 3010018574
|r 2009-07-02
|t 1
|w 2009-07-02
|y BK
|x Koha Inventory 2020
|
| 952 |
|
|
|0 0
|1 0
|2 ddc
|4 0
|6 362_100000000000000_OXF_2006
|7 0
|9 9525
|a BRACUL
|b BRACUL
|c GEN
|d 2010-04-28
|e Karim International
|g 2750.00
|l 4
|m 32
|o 362.1 OXF
|p 3010018575
|r 2020-02-22
|s 2020-02-02
|t 2
|w 2010-04-28
|y BK
|x Requisitioned by Salim khan, Sr. program Associate, James P. Grant School. Course name and no. N/A
|